Statistiques concernant Les 500 villes les plus peuplées du monde

Cliquez ici pour prendre le quiz!

Statistiques générales

  • Ce quiz a été pris 1 269 fois
  • Le résultat moyen est 169 sur 500

Statistiques - réponses

RangPaysPopulationVille% Correct
#2Japon40 500 000Tokyo
97%
#33France11 400 000Paris
95%
#11Etats-Unis21 800 000New York
94%
#9Mexique24 500 000Mexico
93%
#15Chine20 000 000Pékin
93%
#5Inde31 300 000Delhi
92%
#12Egypte21 500 000Le Caire
91%
#25Royaume-Uni14 800 000Londres
91%
#19Etats-Unis17 600 000Los Angeles
91%
#20Russie17 400 000Moscou
91%
#8Corée du Sud25 000 000Séoul
91%
#29Brésil13 300 000Rio de Janeiro
89%
#22Argentine16 600 000Buenos Aires
88%
#23Turquie16 200 000Istanbul
88%
#4Indonésie32 100 000Jakarta
88%
#67Espagne6 700 000Madrid
87%
#3Chine34 100 000Shanghai
87%
#339France1 680 000Marseille
86%
#105Allemagne4 750 000Berlin
85%
#149Italie3 500 000Rome
85%
#10Brésil22 600 000São Paulo
85%
#47Etats-Unis8 550 000Washington
85%
#124Brésil4 050 000Brasilia
83%
#292France1 990 000Lyon
83%
#7Inde25 600 000Mumbai
83%
#100Espagne4 875 000Barcelone
82%
#41Etats-Unis9 650 000Chicago
82%
#16Thaïlande19 400 000Bangkok
81%
#13Bangladesh20 300 000Dacca
81%
#34Pérou11 100 000Lima
81%
#6Philippines26 300 000Manille
81%
#73Italie6 150 000Milan
81%
#40Colombie9 800 000Bogota
80%
#90Turquie5 150 000Ankara
79%
#87Australie5 400 000Sydney
79%
#71Etats-Unis6 350 000Miami
78%
#126Algérie4 025 000Alger
77%
#216Portugal2 500 000Lisbonne
77%
#241Allemagne2 275 000Munich
77%
#52Singapour7 900 000Singapour
77%
#24Iran15 500 000Téhéran
77%
#199Belgique2 725 000Bruxelles
76%
#1Chine47 600 000Canton
76%
#26Afrique du Sud14 200 000Johannesbourg
76%
#154Ukraine3 475 000Kiev
76%
#216Pays-Bas2 500 000Amsterdam
75%
#81Emirats arabes unis5 700 000Dubaï
75%
#27République démocratique du Congo13 900 000Kinshasa
75%
#83Russie5 650 000Saint-Pétersbourg
75%
#54Etats-Unis7 750 000San Francisco
75%
#251Autriche2 225 000Vienne
75%
#253Roumanie2 200 000Bucarest
74%
#208Hongrie2 625 000Budapest
74%
#14Nigeria20 100 000Lagos
74%
#113Canada4 325 000Montréal
74%
#118Italie4 150 000Naples
74%
#273Maroc2 075 000Rabat
74%
#53Chili7 800 000Santiago
74%
#149Grèce3 500 000Athènes
73%
#61Irak7 150 000Bagdad
73%
#18Japon17 700 000Osaka
73%
#489Norvège1 210 000Oslo
73%
#115Afrique du Sud4 300 000Le Cap
72%
#176Royaume-Uni3 075 000Manchester
72%
#455Canada1 290 000Ottawa
72%
#370Portugal1 550 000Porto
72%
#56Etats-Unis7 700 000Boston
71%
#43Taiwan9 150 000Taipei
71%
#231Pologne2 350 000Varsovie
71%
#415Irlande1 400 000Dublin
70%
#448France1 300 000Lille
70%
#49Arabie saoudite8 400 000Riyad
70%
#243Suède2 250 000Stockholm
70%
#57Canada7 650 000Toronto
70%
#199Tunisie2 725 000Tunis
70%
#43Malaisie9 150 000Kuala Lumpur
69%
#307Royaume-Uni1 880 000Liverpool
69%
#108Maroc4 550 000Casablanca
68%
#188Allemagne2 875 000Hambourg
68%
#126Viêt Nam4 025 000Hanoï
68%
#58Chine7 550 000Hongkong
68%
#60Etats-Unis7 300 000Dallas
67%
#441Finlande1 320 000Helsinki
67%
#251Cuba2 225 000La Havane
67%
#335Danemark1 690 000Copenhague
66%
#131Sénégal3 925 000Dakar
66%
#164Allemagne3 275 000Francfort-sur-le-Main
66%
#75Kenya6 100 000Nairobi
66%
#351Italie1 610 000Turin
66%
#21Inde17 000 000Calcutta
65%
#137Venezuela3 775 000Caracas
65%
#98Allemagne5 000 000Cologne / Düsseldorf
65%
#395République tchèque1 460 000Prague
65%
#185Yémen2 900 000Sanaa
65%
#59Etats-Unis7 350 000Philadelphie
64%
#164Pays-Bas3 275 000Rotterdam
64%
#110Etats-Unis4 475 000Seattle
64%
#448Espagne1 300 000Séville
64%
#35Viêt Nam10 600 000Ho Chi Minh Ville
63%
#66Etats-Unis6 800 000Houston
63%
#239Etats-Unis2 300 000Las Vegas
63%
#277Biélorussie2 050 000Minsk
63%
#180Corée du Nord2 975 000Pyongyang
63%
#185Canada2 900 000Vancouver
63%
#359Emirats Arabes Unis1 580 000Abou Dabi
62%
#76Egypte5 950 000Alexandrie
62%
#319Liban1 790 000Beyrouth
62%
#132Syrie3 900 000Damas
62%
#110Afghanistan4 475 000Kaboul
62%
#482Etats-Unis1 220 000Melbourne
62%
#95Australie5 050 000Melbourne
62%
#268Bolivie2 125 000La Paz
61%
#310Uruguay1 870 000Montevideo
61%
#78Côte d'Ivoire5 750 000Abidjan
60%
#239Qatar2 300 000Doha
60%
#17Pakistan18 200 000Karachi
60%
#366Panama1 560 000Panama
60%
#193Equateur2 775 000Quito
60%
#448Bulgarie1 300 000Sofia
60%
#310Espagne1 870 000Valence
60%
#77Etats-Unis5 900 000Atlanta
59%
#142Mali3 675 000Bamako
59%
#403Serbie1 430 000Belgrade
59%
#175Royaume-Uni3 150 000Birmingham
59%
#229Costa Rica2 375 000San José
59%
#42Chine9 250 000Wuhan
59%
#135Etats-Unis3 800 000Denver
58%
#69Soudan6 500 000Khartoum
58%
#231République du Congo2 350 000Brazzaville
57%
#78Etats-Unis5 750 000Detroit
56%
#171Guatemala3 200 000Guatemala
56%
#109Koweït4 500 000Koweït
56%
#48Angola8 450 000Luanda
56%
#403Mongolie1 430 000Oulan-Bator
56%
#455Libye1 290 000Tripoli
56%
#89Ghana5 200 000Accra
55%
#159Haïti3 325 000Port-au-Prince
55%
#132Ethiopie3 900 000Addis-Abeba
54%
#81Jordanie5 700 000Amman
54%
#496Kazakhstan1 180 000Noursoultan
54%
#159Etats-Unis3 325 000San Diego
54%
#149Cameroun3 500 000Yaoundé
54%
#208Azerbaïdjan2 625 000Bakou
53%
#335Royaume-Uni1 690 000Glasgow
53%
#199Israël2 725 000Tel Aviv
53%
#397Suisse1 450 000Zurich
53%
#171Népal3 200 000Katmandou
52%
#253Arabie saoudite2 200 000La Mecque
51%
#382Arménie1 500 000Erevan
50%
#120Colombie4 100 000Medellin
50%
#205Burkina Faso2 650 000Ouagadougou
50%
#273Australie2 075 000Perth
50%
#70Tanzanie6 450 000Dar es Salam
49%
#103Etats-Unis4 800 000Phoenix
49%
#228Allemagne2 400 000Stuttgart
49%
#197Madagascar2 750 000Antananarivo
48%
#262Royaume-Uni2 150 000Leeds
48%
#211Cambodge2 575 000Phnom Penh
48%
#129République dominicaine4 000 000Saint-Domingue
48%
#243Etats-Unis2 250 000San Antonio
48%
#427Géorgie1 360 000Tbilissi
48%
#229Paraguay2 375 000Asuncion
47%
#31Inde12 700 000Bangalore
47%
#86Mexique5 550 000Guadalajara
47%
#307Japon1 880 000Hiroshima
47%
#255Togo2 175 000Lomé
47%
#307Salvador1 880 000San Salvador
47%
#140Nigeria3 725 000Abuja
46%
#477Belgique1 230 000Anvers
46%
#387Nouvelle-Zélande1 490 000Auckland
46%
#102Sri Lanka4 825 000Colombo
46%
#313Sierra Leone1 860 000Freetown
46%
#36Japon10 500 000Nagoya
45%
#431Niger1 350 000Niamey
45%
#287Etats-Unis2 000 000Austin
44%
#210Guinée2 600 000Conakry
44%
#28Pakistan13 500 000Lahore
44%
#287Somalie2 000 000Mogadiscio
44%
#380Algérie1 510 000Oran
44%
#163Ouzbékistan3 300 000Tachkent
44%
#281Etats-Unis2 025 000Indianapolis
43%
#171Etats-Unis3 200 000Minneapolis
43%
#351Tchad1 610 000N'Djaména
43%
#438Oman1 330 000Mascate
42%
#149Etats-Unis3 500 000Orlando
42%
#178Turquie3 050 000Izmir
41%
#62Chine7 100 000XI'an
41%
#142Ouganda3 675 000Kampala
40%
#221Etats-Unis2 450 000Portland
40%
#170Australie3 225 000Brisbane
39%
#122Corée du Sud4 075 000Busan
39%
#281Territoires palestiniens2 025 000Gaza
39%
#273Zimbabwe2 075 000Harare
39%
#231Mozambique2 350 000Maputo
39%
#443Mauritanie1 310 000Nouakchott
39%
#477République centrafricaine1 230 000Bangui
38%
#216Etats-Unis2 500 000Charlotte
38%
#32Inde11 600 000Chennai
38%
#392Etats-Unis1 470 000Jacksonville
38%
#477Rwanda1 230 000Kigali
38%
#343Libéria1 650 000Monrovia
38%
#85Mexique5 600 000Monterrey
38%
#271Etats-Unis2 100 000Sacramento
38%
#401Ukraine1 440 000Donetsk
37%
#134Brésil3 850 000Recife
37%
#145Brésil3 625 000Salvador
37%
#95Brésil5 050 000Belo Horizonte
36%
#185Colombie2 900 000Cali
36%
#455Maroc1 290 000Fès
36%
#237Pakistan2 325 000Hyderabad
36%
#37Inde10 400 000Hyderabad
36%
#348Ukraine1 630 000Kharkiv
36%
#191Zambie2 800 000Lusaka
36%
#431Nicaragua1 350 000Managua
36%
#363Bahreïn1 570 000Manama
36%
#231Etats-Unis2 350 000Saint-Louis
36%
#243Brésil2 250 000Manaus
35%
#387Royaume-Uni1 490 000Newcastle
35%
#494Allemagne1 200 000Nuremberg
35%
#427Australie1 360 000Adelaide
34%
#154Afrique du Sud3 475 000Durban
34%
#401Turkménistan1 440 000Achgabat
33%
#376Canada1 520 000Calgary
33%
#358Arabie saoudite1 590 000Médine
33%
#382Etats-Unis1 500 000Nashville
33%
#30Chine13 200 000Tianjin
33%
#298Syrie1 940 000Alep
32%
#435Turquie1 340 000Antalya
32%
#39Chine10 000 000Chengdu
32%
#49Chine8 400 000Chongqing
32%
#216Japon2 500 000Sapporo
32%
#287Etats-Unis2 000 000Kansas City
31%
#178Etats-Unis3 050 000Cleveland
30%
#156Cameroun3 450 000Douala
30%
#124Inde4 050 000Jaipur
30%
#467Russie1 260 000Kazan
30%
#214Etats-Unis2 525 000Salt Lake City
30%
#363Royaume-Uni1 570 000Sheffield
30%
#424Canada1 370 000Edmonton
29%
#101Nigeria4 850 000Kano
29%
#420Royaume-Uni1 380 000Nottingham
29%
#302Porto Rico1 920 000San Juan
29%
#271Mexique2 100 000Tijuana
29%
#45Inde8 750 000Ahmedabad
28%
#140Brésil3 725 000Fortaleza
28%
#67Chine6 700 000Nankin
28%
#118Brésil4 150 000Porto Alegre
28%
#448Russie1 300 000Rostov-sur-le-Don
28%
#90Arabie saoudite5 150 000Jeddah
27%
#415Russie1 400 000Volgograd
27%
#64Indonésie7 050 000Bandung
26%
#370Etats-Unis1 550 000Milwaukee
26%
#327Russie1 730 000Nijni Novgorod
26%
#420Argentine1 380 000Rosario
26%
#110Etats-Unis4 475 000Tampa
26%
#255Kazakhstan2 175 000Almaty
25%
#243Brésil2 250 000Belém
25%
#98Bangladesh5 000 000Chittagong
25%
#62Inde7 100 000Pune
25%
#38Chine10 200 000Xiamen
25%
#171Equateur3 200 000Guayaquil
24%
#73Indonésie6 150 000Surabaya
24%
#321Etats-Unis1 770 000Columbus
23%
#306Bénin1 890 000Cotonou
23%
#197Japon2 750 000Fukuoka
23%
#90Chine5 150 000Harbin
23%
#359Allemagne1 580 000Mannheim
23%
#339Argentine1 680 000Cordoba
22%
#46Chine8 600 000Hangzhou
22%
#83Allemagne5 650 000Ruhr
22%
#482Maroc1 220 000Agadir
21%
#191Etats-Unis2 800 000Cincinnati
21%
#420Ukraine1 380 000Dnipro
21%
#120Chine4 100 000Fuzhou
21%
#281Etats-Unis2 025 000Pittsburgh
21%
#72Chine6 250 000Qingdao
21%
#255Bolivie2 175 000Santa Cruz
21%
#156Brésil3 450 000Curitiba
20%
#342Russie1 670 000Iekaterinbourg
20%
#167Iran3 250 000Ispahan
20%
#403Irak1 430 000Mossoul
20%
#116Chine4 175 000Ürümqi
20%
#262Colombie2 150 000Barranquilla
19%
#142Nigeria3 675 000Ibadan
19%
#420Afrique du Sud1 380 000Port Elizabeth
19%
#231Inde2 350 000Agra
18%
#268Turquie2 125 000Bursa
18%
#135Inde3 800 000Lucknow
18%
#204Venezuela2 675 000Maracaibo
18%
#122Indonésie4 075 000Medan
18%
#126Mexique4 025 000Puebla
18%
#51Chine8 100 000Shenyang
18%
#330Bénin1 700 000Benin City
17%
#199Corée du Sud2 725 000Daegu
17%
#106Chine4 625 000Dalian
17%
#93Chine5 100 000Hefei
17%
#237Pologne2 325 000Katowice
17%
#448Russie1 300 000Samara
17%
#95Chine5 050 000Changsha
16%
#138Pakistan3 750 000Faisalabad
16%
#330Turquie1 700 000Gaziantep
16%
#255Malaisie2 175 000George Town
16%
#107Chine4 600 000Jinan
16%
#354Birmanie1 600 000Mandalay
16%
#469Kenya1 250 000Mombasa
16%
#366Irak1 560 000Bassora
15%
#431Etats-Unis1 350 000Buffalo
15%
#193Philippines2 775 000Cebu
15%
#176Ghana3 075 000Kumasi
15%
#262Mexique2 150 000León
15%
#159Inde3 325 000Nagpur
15%
#403Brésil1 430 000Natal
15%
#330Russie1 700 000Novossibirsk
15%
#224Nigeria2 425 000Port Harcourt
15%
#335Etats-Unis1 690 000Raleigh
15%
#65Inde6 900 000Surate
15%
#350Etats-Unis1 620 000Virginia Beach
15%
#354Philippines1 600 000Davao
14%
#164Inde3 275 000Indore
14%
#113Chine4 325 000Kunming
14%
#221République démocratique du Congo2 450 000Lubumbashi
14%
#147Chine3 575 000Nanning
14%
#54Chine7 750 000Shantou
14%
#78Birmanie5 750 000Yangon
14%
#93Chine5 100 000Zhengzhou
14%
#138Chine3 750 000Changchun
13%
#366Mexique1 560 000Ciudad Juarez
13%
#438Turquie1 330 000Konya
13%
#184Chine2 925 000Lanzhou
13%
#467Mexique1 260 000Mérida
13%
#397Brésil1 450 000São Luís
13%
#382Japon1 500 000Sendai
13%
#496Chine1 180 000Suzhou
13%
#87Chine5 400 000Wenzhou
13%
#324Turquie1 750 000Adana
12%
#159Chine3 325 000Ningbo
12%
#199Inde2 725 000Patna
12%
#482République du Congo1 220 000Pointe-Noire
12%
#441Iran1 320 000Qom
12%
#220Inde2 475 000Bhopal
11%
#167Brésil3 250 000Campinas
11%
#317Iran1 800 000Chiraz
11%
#221Brésil2 450 000Goiânia
11%
#149Inde3 500 000Kanpur
11%
#130Chine3 975 000Nanchang
11%
#224Pakistan2 425 000Peshawar
11%
#314Iran1 850 000Tabriz
11%
#443Taïwan1 310 000Tainan
11%
#415Russie1 400 000Tcheliabinsk
11%
#146Chine3 600 000Zibo
11%
#193Inde2 775 000Coimbatore
10%
#316Inde1 820 000Madurai
10%
#167Iran3 250 000Mechhed
10%
#297Inde1 950 000Rajkot
10%
#322Brésil1 760 000Santos
10%
#213Mexique2 550 000Toluca
10%
#281Venezuela2 025 000Valencia
10%
#496Nigeria1 180 000Aba
9%
#351Inde1 610 000Cochin
9%
#211Arabie saoudite2 575 000Dammam
9%
#489Viêt Nam1 210 000Da Nang
9%
#339Chine1 680 000Datong
9%
#359Indonésie1 580 000Denpasar
9%
#158Chine3 400 000Guiyang
9%
#435Etats-Unis1 340 000Harrisburg
9%
#335Etats-Unis1 690 000Hartford
9%
#370Chine1 550 000Jilin
9%
#376Inde1 520 000Jodhpur
9%
#262Pakistan2 150 000Multan
9%
#496Pakistan1 180 000Quetta
9%
#477Honduras1 230 000San Pedro Sula
9%
#103Chine4 800 000Shijiazhuang
9%
#116Chine4 175 000Taiyuan
9%
#294Inde1 970 000Varanasi
9%
#183Chine2 950 000Xuzhou
9%
#376Philippines1 520 000Angeles
8%
#205Chine2 650 000Anshan
8%
#427Bolivie1 360 000Cochabamba
8%
#305Chine1 900 000Haikou
8%
#489Japon1 210 000Naha
8%
#373Mexique1 540 000Querétaro
8%
#148Pakistan3 550 000Rawalpindi
8%
#443Mexique1 310 000San Luis Potosi
8%
#241Indonésie2 275 000Semarang
8%
#310Brésil1 870 000Vitoria
8%
#243Chine2 250 000Baotou
7%
#376Corée du Sud1 520 000Daejeon
7%
#354Corée du Sud1 600 000Gwangju
7%
#298Nigeria1 940 000Kaduna
7%
#193Taiwan2 775 000Kaohsiung
7%
#302Indonésie1 920 000Makassar
7%
#403Venezuela1 430 000Maracay
7%
#255République démocratique du Congo2 175 000Mbuji-Mayi
7%
#255Japon2 175 000Okayama
7%
#231Chine2 350 000Taizhou
7%
#180Chine2 975 000Tangshan
7%
#243Chine2 250 000Yantai
7%
#443Venezuela1 310 000Barquisimeto
6%
#460Angola1 280 000Benguela
6%
#188Chine2 875 000Huizhou
6%
#380Inde1 510 000Jabalpur
6%
#489République démocratique du Congo1 210 000Kananga
6%
#268Chine2 125 000Linyi
6%
#320Inde1 780 000Meerut
6%
#346Inde1 640 000Srinagar
6%
#343Indonésie1 650 000Surakarta
6%
#224Taïwan2 425 000Taichung
6%
#243Inde2 250 000Vadodara
6%
#277Chine2 050 000Weifang
6%
#374Chine1 530 000Wuhu
6%
#298Chine1 940 000Xiangyang
6%
#382Chine1 500 000Xining
6%
#294Indonésie1 970 000Yogyakarta
6%
#403Inde1 430 000Amritsar
5%
#180Inde2 975 000Bhilai
5%
#224Inde2 425 000Chandigarh
5%
#281Chine2 025 000Cixi
5%
#348Chine1 630 000Guilin
5%
#188Pakistan2 875 000Gujranwala
5%
#403Inde1 430 000Gwalior
5%
#443Japon1 310 000Hamamatsu
5%
#302Chine1 920 000Hohhot
5%
#464Chine1 270 000Jining
5%
#482Bangladesh1 220 000Khulna
5%
#287Japon2 000 000Kitakyushu
5%
#411Inde1 420 000Kota
5%
#205Chine2 650 000Luoyang
5%
#469Nigeria1 250 000Maiduguri
5%
#322Indonésie1 760 000Malang
5%
#438Etats-Unis1 330 000McAllen
5%
#469Inde1 250 000Mysore
5%
#277Chine2 050 000Nantong
5%
#262Inde2 150 000Nasik
5%
#474Nigeria1 240 000Onitsha
5%
#326Indonésie1 740 000Palembang
5%
#455Etats-Unis1 290 000Stockton
5%
#387Chine1 490 000Tai'an
5%
#243Inde2 250 000Visakhapatnam
5%
#391Chine1 480 000Yinchuan
5%
#262Chine2 150 000Baoding
4%
#474Chine1 240 000Baoji
4%
#397Indonésie1 450 000Batam
4%
#460Colombie1 280 000Bucaramanga
4%
#494Chine1 200 000Changde
4%
#343Chine1 650 000Daqing
4%
#366Chine1 560 000Ganzhou
4%
#327Chine1 730 000Handan
4%
#329Chine1 720 000Hengyang
4%
#294Chine1 970 000Huainan
4%
#277Chine2 050 000Liuzhou
4%
#287Inde2 000 000Ludhiana
4%
#392Chine1 470 000Maoming
4%
#413Chine1 410 000Putian
4%
#392Inde1 470 000Ranchi
4%
#424Mexique1 370 000Torreon
4%
#273Inde2 075 000Vijayawada
4%
#395Chine1 460 000Yancheng
4%
#330Chine1 700 000Yiwu
4%
#427Chine1 360 000Zhuzhou
4%
#413Iran1 410 000Ahwaz
3%
#460Inde1 280 000Aligarh
3%
#324Chine1 750 000Anyang
3%
#346Inde1 640 000Asansol
3%
#314Inde1 850 000Aurangabad
3%
#482Indonésie1 220 000Bandar Lampung
3%
#431Inde1 350 000Bareli
3%
#298Inde1 940 000Bhubaneswar
3%
#415Thaïlande1 400 000Chonburi
3%
#415Inde1 400 000Dhanbad
3%
#281Chine2 025 000Huai'an
3%
#330Inde1 700 000Jamshedpur
3%
#214Chine2 525 000Jiangyin
3%
#474Chine1 240 000Nanchong
3%
#448Chine1 300 000Nanyang
3%
#469Indonésie1 250 000Pekanbaru
3%
#464Chine1 270 000Rizhao
3%
#397Inde1 450 000Tiruppur
3%
#482Chine1 220 000Weihai
3%
#403Chine1 430 000Xiangtan
3%
#359Chine1 580 000Xingtai
3%
#255Chine2 175 000Xinxiang
3%
#292Chine1 990 000Yangzhou
3%
#411Chine1 420 000Yichang
3%
#374Chine1 530 000Zhangjiakou
3%
#435Chine1 340 000Zhanjiang
3%
#317Chine1 800 000Zhuhai
3%
#460Chine1 280 000Zunyi
3%
#354Chine1 600 000Bengbu
2%
#464Chine1 270 000Fuyang
2%
#363Chine1 570 000Huaibei
2%
#382Chine1 500 000Jiaozuo
2%
#469Chine1 250 000Jingzhou
2%
#482Indonésie1 220 000Karawang
2%
#496Chine1 180 000Lianyungang
2%
#489Chine1 210 000Ma'anshan
2%
#455Chine1 290 000Mianyang
2%
#448Inde1 300 000Moradabad
2%
#387Inde1 490 000Prayagraj
2%
#424Chine1 370 000Qinhuangdao
2%
#477Inde1 230 000Tiruchirappalli
2%

Distribution des résultats

Percentile par nombre de réponses

% des personnes avec chaque résultat

Votre développement - résultats

Vous n’avez pas pris ce quiz